Marcatori del Portogallo agli Europei - Belgio-Paesi Bassi 2000 - Statistics

Statistiche generali
  • Questo quiz è stato fatto 4 volte
  • Il punteggio medio è 2 su 10
Statistiche sulle risposte
Partita Minuto Marcatore % Corretto
Portogallo - Inghilterra 3-2 22' Luís Figo
100%
Portogallo - Inghilterra 3-2 59' Nuno Gomes
25%
Tunisia - Portogallo 0-2 44' Nuno Gomes
25%
Tunisia - Portogallo 0-2 56' Nuno Gomes
25%
Francia - Portogallo 2-1 (d.t.s.) 19' Nuno Gomes
25%
Romania - Portogallo 0-1 94' Costinha
0%
Portogallo - Inghilterra 3-2 37' João Pinto
0%
Portogallo - Germania 3-0 35' Sérgio Conceição
0%
Portogallo - Germania 3-0 54' Sérgio Conceição
0%
Portogallo - Germania 3-0 71' Sérgio Conceição
0%
Nessun quiz corrispondente trovato
Distribuzione punteggi
Percentuale di utenti per punteggio
Percentile per numero di risposta
I tuoi punteggi nel tempo
Non hai fatto questo quiz